La Peau de chagrin : l’énergie de l’écriture (notice n° 1597641)

détails MARC
000 -LEADER
fixed length control field 01641cam a2200169 4500500
005 - DATE AND TIME OF LATEST TRANSACTION
control field 20251228074340.0
041 ## - LANGUAGE CODE
Language code of text/sound track or separate title fre
042 ## - AUTHENTICATION CODE
Authentication code dc
100 10 - MAIN ENTRY--PERSONAL NAME
Personal name Borderie, Régine
Relator term author
245 00 - TITLE STATEMENT
Title La Peau de chagrin : l’énergie de l’écriture
260 ## - PUBLICATION, DISTRIBUTION, ETC.
Date of publication, distribution, etc. 2022.<br/>
500 ## - GENERAL NOTE
General note 36
520 ## - SUMMARY, ETC.
Summary, etc. La Peau de chagrin contient diverses formes de personnifications qui contribuent à l’énergie de l’écriture : elles mettent en action l’abstrait ou l’inanimé, ou présentent un personnage sujet d’action comme l’incarnation d’une idée abstraite, et par là se donnent ou donnent à voir. Toutefois les personnifications ne relèvent pas seulement de la rhétorique dans ce roman, mais aussi de la philosophie, de la psychologie, de la physio-psychologie et de la magie. Et si elles manifestent la vitalité de l’idée, elles montrent également le pouvoir de la destruction.
520 ## - SUMMARY, ETC.
Summary, etc. La Peau de chagrin contains various forms of personifications that contribute to the energy of writing: they enact the abstract or the inanimate, or present a character who is the subject of action as the embodiment of an abstract idea, thereby enabling themselves to be the subjects or objects of insight. However, personifications are not only rhetorical in this novel; they are also philosophical, psychological, physio-psychological and magical. And if they show the vitality of the idea, they also show its power of destruction.
786 0# - DATA SOURCE ENTRY
Note L'Année balzacienne | 23 | 1 | 2022-10-19 | p. 301-314 | 0084-6473
856 41 - ELECTRONIC LOCATION AND ACCESS
Uniform Resource Identifier <a href="https://shs.cairn.info/revue-l-annee-balzacienne-2022-1-page-301?lang=fr&redirect-ssocas=7080">https://shs.cairn.info/revue-l-annee-balzacienne-2022-1-page-301?lang=fr&redirect-ssocas=7080</a>

Pas d'exemplaire disponible.

PLUDOC

PLUDOC est la plateforme unique et centralisée de gestion des bibliothèques physiques et numériques de Guinée administré par le CEDUST. Elle est la plus grande base de données de ressources documentaires pour les Étudiants, Enseignants chercheurs et Chercheurs de Guinée.

Adresse

627 919 101/664 919 101

25 boulevard du commerce
Kaloum, Conakry, Guinée

Réseaux sociaux

Powered by Netsen Group @ 2025